[Event "SWE-chT2 0809"]
[Site "Sweden"]
[Date "2009.03.13"]
[Round "7"]
[White "Lindgren, Fredrik"]
[Black "Elenius, Erik"]
[Result "1-0"]
[WhiteElo "2231"]
[BlackElo "2051"]
[PlyCount "173"]
[EventDate "2008.10.25"]
[EventType "team-tourn"]
[EventRounds "9"]
[EventCountry "SWE"]
[SourceTitle "EXT 2011"]
[Source "ChessBase"]
[SourceDate "2010.11.26"]
[SourceVersion "1"]
[SourceVersionDate "2010.11.26"]
[SourceQuality "1"]

1. d4 Nf6 2. c4 g6 3. Nc3 Bg7 4. e4 d6 5. Nf3 0-0 6. Be2 e5 7. Be3 Ng4 8. Bg5 f6 9. Bc1 Nh6 10. 0-0 Bg4 11. dxe5 fxe5 12. Qd5+ Nf7 13. Qxb7 Nd7 14. Nd5 Rc8 15. Qxc8 Qxc8 16. Ne7+ Kh8 17. Nxc8 Rxc8 18. h3 Be6 19. Ng5 Nxg5 20. Bxg5 Nc5 21. Bg4 Bxg4 22. hxg4 Nxe4 23. Be3 Nf6 24. Bxa7 Nxg4 25. a4 c5 26. Bb6 e4 27. a5 Ne5 28. b3 Nd7 29. Rae1 Re8 30. Bc7 Bc3 31. Re3 Bd4 32. Bxd6 Re6 33. Bc7 Kg8 34. Rfe1 Nf6 35. R1e2 Kf7 36. Ra2 Bxe3 37. fxe3 Ra6 38. Rd2 Ke6 39. Bd8 Ng4 40. Re2 Ne5 41. Bc7 Nd3 42. Bb6 Ra8 43. Ra2 h5 44. Ra1 Kd6 45. Rf1 Ke6 46. Kh2 g5 47. Kh3 Rb8 48. Ra1 Kd6 49. a6 Kc6 50. a7 Ra8 51. Bd8 g4+ 52. Kh4 Kb7 53. Be7 g3 54. Kxg3 Rg8+ 55. Kh4 Ka8 56. Ra5 Rxg2 57. Bxc5 Nxc5 58. Rxc5 Kxa7 59. Re5 Rh2+ 60. Kg3 Rb2 61. Kf4 h4 62. Rh5 Rxb3 63. Kxe4 Rb4 64. Kd4 Kb6 65. Rxh4 Kc6 66. Rh6+ Kd7 67. Kd5 Rb3 68. Rh7+ Ke8 69. e4 Rd3+ 70. Ke5 Ra3 71. c5 Ra6 72. Kd5 Rg6 73. e5 Kf8 74. c6 Kg8 75. Rb7 Rg1 76. c7 Rd1+ 77. Ke6 Rc1 78. Rb8+ Kg7 79. c8Q Rxc8 80. Rxc8 Kg6 81. Rg8+ Kh5 82. Kf5 Kh4 83. e6 Kh3 84. Kf4 Kh2 85. Kf3 Kh1 86. Kf2 Kh2 87. Rh8# 1-0